| 000 | 00725nam a2200241 a 4500 | ||
|---|---|---|---|
| 001 | 000014975 | ||
| 005 | 20200929163931.0 | ||
| 008 | 100127s1996 sp 000 f spa d | ||
| 020 | _a8420646989 | ||
| 040 |
_aDO-SdBNP _bspa _cBNPHU |
||
| 082 |
_a813.54 _bF263h |
||
| 100 | 1 |
_aFaulkner, William, _d1897-1962 _99781 |
|
| 245 | 1 | 0 |
_aHumo / _cWilliam Faulkner ; traducción de Lucrecia Moreno de Sáenz. |
| 260 |
_aMadrid : _bAlianza, _c1996. |
||
| 300 |
_a63 p. ; _c15 cm. |
||
| 490 | 1 |
_aAlianza cien _v98 |
|
| 650 | 4 |
_aNovela estadounidense _9262 |
|
| 650 | 4 |
_aLiteratura estadounidense _9263 |
|
| 700 | 1 |
_aMoreno de Sáenz, Lucrecia, _etr. _913036 |
|
| 830 | 0 |
_aAlianza cien ; _v86 _912832 |
|
| 910 | _aWM | ||
| 049 | _aBNGR | ||
| 999 |
_c14548 _d14548 |
||